| 000 | 00362pam a2200157a 44500 | ||
|---|---|---|---|
| 008 | 230515b1984 xxu||||| |||| 00| 0 eng d | ||
| 020 | _aNULL | ||
| 041 | _aENGL | ||
| 082 | _a621.380412/GUP/SON | ||
| 100 | _aGUPTA P.V. SONI | ||
| 245 | _aA COURSE IN ELECTRICAL POWER | ||
| 250 | _aB27 | ||
| 260 |
_aNULL _bDHANP _c1984 |
||
| 300 | _a272 PB | ||
| 650 | _aNULL | ||
| 999 |
_c614798 _d614798 |
||